People by Images - 'K' - Statistics

General Stats
  • This quiz has been taken 69 times
  • The average score is 8 of 16
Answer Stats
Picture Hint Answer % Correct
Vice President Kamala Harris
91%
Philosopher Karl Marx
91%
Princess Kate Middleton
91%
Dictator Kim Il-sung
85%
Basketball Player Kobe Bryant
82%
Musician Kurt Cobain
80%
Footballer Kylian Mbappé
69%
Actress Keira Knightley
60%
Diplomat Kofi Annan
52%
Singer Kesha
31%
Cricketer Kapil Dev
12%
President Kurt Waldheim
9%
Suffragette Kate Sheppard
2%
Human Computer Katherine Johnson
2%
Golfer Karrie Webb
0%
President Kwame Nkrumah
0%
No matching quizzes found
Score Distribution
Percent of People with Each Score
Percentile by Number Answered
Your Score History
You have not taken this quiz